Statistics for RUSH studio albums

Click here to take the quiz!

General Stats

  • This quiz has been taken 26 times
  • The average score is 14 of 20

Answer Stats

YearAlbum% Correct
1975Fly By Night
96%
1981Moving Pictures
96%
1974Rush
96%
19762112
91%
1978Hemispheres
91%
1977A Farewell To Kings
78%
1985Power Windows
78%
1975Caress of Steel
74%
2007Snakes and Arrows
74%
2012Clockwork Angels
70%
1980Permanent Waves
70%
1989Presto
70%
1984Grace Under Pressure
65%
1987Hold Your Fire
65%
1982Signals
65%
1993Counterparts
61%
1991Roll the Bones
61%
1996Test For Echo
61%
2004Feedback
39%
2002Vapour Trails
26%

Score Distribution

Percentile by Number Answered

Percent of People with Each Score

Your Score History

You have not taken this quiz